Statistiche per Top 20 Città più popolose non Capoluogo Lombardia

Clicka qui per fare il quiz!

Statistiche generali

  • Questo quiz è stato fatto 34 volte
  • Il punteggio medio è 12 su 20

Statistiche sulle risposte

PopolazioneProvinciaCittà% Corretto
82 962VareseBusto Arsizio
94%
79 673MilanoSesto San Giovanni
87%
62 340PaviaVigevano
87%
50 540MilanoRho
84%
52 829VareseGallarate
81%
74 541MilanoCinisello Balsamo
74%
41 628Monza e BrianzaDesio
68%
59 795MilanoLegnano
68%
46 189Monza e BrianzaLissone
65%
38 717ComoCantù
58%
47 019MilanoPaderno Dugnano
58%
44 854Monza e BrianzaSeregno
55%
38 174PaviaVoghera
55%
41 441MilanoRozzano
52%
38 598VareseSaronno
48%
46 784MilanoCologno Monzese
45%
35 971MilanoSan Giuliano Milanese
42%
35 557MilanoBollate
35%
37 010Monza e BrianzaCesano Maderno
29%
35 066MilanoPioltello
19%

Distribuzione punteggi

Percentile per numero di risposta

Percentuale di utenti per punteggio

I tuoi punteggi nel tempo

Non hai fatto questo quiz